Global political economy: (Record no. 11561)
[ view plain ]
| 000 -LEADER | |
|---|---|
| fixed length control field | 02340cam a2200361 a 4500 |
| 001 - CONTROL NUMBER | |
| control field | 14957574 |
| 005 - DATE AND TIME OF LATEST TRANSACTION | |
| control field | 20160724123826.0 |
| 008 - FIXED-LENGTH DATA ELEMENTS--GENERAL INFORMATION | |
| fixed length control field | 070808s2008 enk b 001 0 eng |
| 010 ## - LIBRARY OF CONGRESS CONTROL NUMBER | |
| LC control number | 2007032943 |
| 020 ## - INTERNATIONAL STANDARD BOOK NUMBER | |
| International Standard Book Number | 9780199292035 |
| 020 ## - INTERNATIONAL STANDARD BOOK NUMBER | |
| International Standard Book Number | 0199292035 |
| 035 ## - SYSTEM CONTROL NUMBER | |
| System control number | (OCoLC)ocn163625367 |
| 035 ## - SYSTEM CONTROL NUMBER | |
| System control number | (OCoLC)163625367 |
| 040 ## - CATALOGING SOURCE | |
| Original cataloging agency | DLC |
| Transcribing agency | DLC |
| Modifying agency | BTCTA |
| -- | BAKER |
| -- | BWKUK |
| -- | BWK |
| -- | DLC |
| 050 00 - LIBRARY OF CONGRESS CALL NUMBER | |
| Classification number | HF1359 |
| Item number | .G577 2008 |
| 082 00 - DEWEY DECIMAL CLASSIFICATION NUMBER | |
| Classification number | 337 |
| Edition number | 22 |
| Item number | COH |
| 245 00 - TITLE STATEMENT | |
| Title | Global political economy: |
| Statement of responsibility, etc | rTheodore H. Cohn. |
| Remainder of title | Theory and practice / |
| 250 ## - EDITION STATEMENT | |
| Edition statement | 3rd ed. |
| 260 ## - PUBLICATION, DISTRIBUTION, ETC. (IMPRINT) | |
| Place of publication, distribution, etc | New York: |
| Name of publisher, distributor, etc | Pearson Longman, |
| Date of publication, distribution, etc | c.2005. |
| 300 ## - PHYSICAL DESCRIPTION | |
| Extent | xxx, 498 p. ; |
| Dimensions | 25 cm. |
| 500 ## - GENERAL NOTE | |
| General note | Includes Index. |
| 504 ## - BIBLIOGRAPHY, ETC. NOTE | |
| Bibliography, etc | Includes bibliographical references (p. [487]-514) and index. |
| 505 0# - FORMATTED CONTENTS NOTE | |
| Formatted contents note | The study of global political economy / John Ravenhill -- Theoretical traditions in global political economy / Matthew Watson -- Collaboration and co-ordination in the global political economy / Vinod K. Aggarwal & C�edric Dupont -- The domestic sources of foreign economic policies / Michael J. Hiscox -- The evolution of the global trade regime / Gilbert R. Winham -- Regionalism / John Ravenhill -- The evolution of the international monetary and financial system / Eric Helleiner -- The political economy of global financial crises / Louis W. Pauly -- The logics of economic globalization / Anthony McGrew -- Globalization's impact on states / Colin Hay -- The globalization of production / Eric Thun -- Globalization, growth, poverty, inequality, resentment, and imperialism / Robert Hunter Wade -- Globalization and development in the South / Caroline Thomas -- Globalization and the environment / Peter Dauvergne. |
| 650 #0 - SUBJECT ADDED ENTRY--TOPICAL TERM | |
| Topical term or geographic name as entry element | Globalization |
| General subdivision | Economic aspects. |
| 9 (RLIN) | 4890 |
| 650 #0 - SUBJECT ADDED ENTRY--TOPICAL TERM | |
| Topical term or geographic name as entry element | International economic relations. |
| 9 (RLIN) | 4891 |
| 650 #0 - SUBJECT ADDED ENTRY--TOPICAL TERM | |
| Topical term or geographic name as entry element | International finance. |
| 9 (RLIN) | 4892 |
| 700 1# - ADDED ENTRY--PERSONAL NAME | |
| 9 (RLIN) | 4893 |
| Personal name | Ravenhill, John |
| 856 42 - ELECTRONIC LOCATION AND ACCESS | |
| Materials specified | Contributor biographical information |
| Uniform Resource Identifier | <a href="http://www.loc.gov/catdir/enhancements/fy0907/2007032943-b.html">http://www.loc.gov/catdir/enhancements/fy0907/2007032943-b.html</a> |
| 856 42 - ELECTRONIC LOCATION AND ACCESS | |
| Materials specified | Publisher description |
| Uniform Resource Identifier | <a href="http://www.loc.gov/catdir/enhancements/fy0907/2007032943-d.html">http://www.loc.gov/catdir/enhancements/fy0907/2007032943-d.html</a> |
| 856 41 - ELECTRONIC LOCATION AND ACCESS | |
| Materials specified | Table of contents only |
| Uniform Resource Identifier | <a href="http://www.loc.gov/catdir/enhancements/fy0907/2007032943-t.html">http://www.loc.gov/catdir/enhancements/fy0907/2007032943-t.html</a> |
| 942 ## - ADDED ENTRY ELEMENTS (KOHA) | |
| Source of classification or shelving scheme | Dewey Decimal Classification |
| Item type | Book - Borrowing |
| Withdrawn status | Item status | Source of classification or shelving scheme | Damaged status | Not for loan | Vendor | Home library | Current library | Shelving location | Date acquired | Source of acquisition | Cost, normal purchase price | Total Checkouts | Total Renewals | Full call number | Barcode | Date last seen | Date last borrowed | Koha item type |
|---|---|---|---|---|---|---|---|---|---|---|---|---|---|---|---|---|---|---|
| Dewey Decimal Classification | Central Library | Central Library | First floor | 20/05/2009 | 217.50 | 2 | 8 | 337 COH | 000016176 | 15/07/2025 | 24/09/2022 | Book - Borrowing |